Software project survival guide (Record no. 176516)
[ view plain ]
| 000 -LEADER | |
|---|---|
| fixed length control field | 00373nam a2200145Ia 4500 |
| 008 - FIXED-LENGTH DATA ELEMENTS--GENERAL INFORMATION | |
| fixed length control field | 231217s9999 xx 000 0 und d |
| 041 ## - LANGUAGE CODE | |
| Language code of text/sound track or separate title | English |
| 082 ## - DEWEY DECIMAL CLASSIFICATION NUMBER | |
| Classification number | 001.6424 MCC1;1 R |
| 100 ## - MAIN ENTRY--PERSONAL NAME | |
| Personal name | McConnell, Steve |
| 245 #0 - TITLE STATEMENT | |
| Title | Software project survival guide |
| 260 ## - PUBLICATION, DISTRIBUTION, ETC. | |
| Date of publication, distribution, etc. | 1998 |
| Name of publisher, distributor, etc. | WP Pub. |
| Place of publication, distribution, etc. | Bangalore |
| 300 ## - PHYSICAL DESCRIPTION | |
| Extent | 288 |
| 650 ## - SUBJECT ADDED ENTRY--TOPICAL TERM | |
| Topical term or geographic name entry element | Software,project,survival |
| 942 ## - ADDED ENTRY ELEMENTS (KOHA) | |
| Koha item type | Books |
| Date last seen | Total checkouts | Full call number | Accession number | Cost, total (INR) price | Price effective from | Category | Lost status | Damaged status | Department | Withdrawn status | Home library | Current library | Shelving location | Entry date | Vendor | Cost, normal purchase price | Grants | Billnumber | Billdate | Currency symbol | Conversion rate | Discount | Old discount |
|---|---|---|---|---|---|---|---|---|---|---|---|---|---|---|---|---|---|---|---|---|---|---|---|
| 26/01/2024 | 001.6424 MCC1;1 R | 38738 | 312.05 | 26/01/2024 | Books | Central Library | Central Library | Central Library | Library Annex | 24/11/2005 | Sapna Book House | 395.00 | IS | 31983 | 08/09/2004 | RS | 1 | 82.95 | 21 | ||||
| 26/01/2024 | 001.6424 MCC1;2 R1 | 38739 | 312.05 | 26/01/2024 | Books | Central Library | Central Library | Central Library | Library Annex | 24/11/2005 | Sapna Book House | 395.00 | IS | 31983 | 08/09/2004 | RS | 1 | 82.95 | 21 |
